00512nam a2200133Ia 4500008004100000100003200041245008300073260003000156300001800186650001400204856006800218999001900286952007300305160712s9999 xx 000 0 und d aJohannessen, Gloria Guzman. cGloria Guzman JohannessenaThe Heart, Mind, and Soul Of a Multilingual Society c2011bEducation Quarterly avol. 69 no. 1 xEDUCATION uhttp://journals.upd.edu.ph/index.php/edq/article/view/2899/2673 c297542d297542 001040aCLbCLd2016-07-12l0r2016-07-12 00:00:00w2016-07-12yFEJ